01370pab a2200217 454500008004000000100001600040245010300056260000900159300001500168362001200183520066300195650000900858650003900867650004500906650002000951773004400971908000601015909001001021999001701031952010401048180718b1996 xxu||||| |||| 00| 0 eng d aVanka, Sita aAdult education programme in Andhra Pradesh - Some organisational and implementation issues (Note) c1996 ap.729-739. aOct-Dec aThe author empirically takes a close look on implementation of Adult Education Programme (AEP) and the administrative organisation of the three agencies - Directorate of Adult Education, UGC sponsored Osmania University's Centre, and a women's NGO - involved in AEP in Andhra Pradesh. She makes a comparative assessment of the contribution of each agency to the success or failure of the programme in view of diverse backgrounds, highlighting in the process each agency's relative advantages and disadvantages. Deriving conclusions from her study, she underscores what further needs to be done to attain the desired goal of the AEP in the state. - Reproduced aNote aEducation - India - Andhra Pradesh aAdult education - India - Andhra Pradesh aAdult education aIndian Journal of Public Administration aN a33453 c33453d33453 00104070aIIPAbIIPAd2018-07-19hVolume no: 42, Issue no: 4pAR33675r2018-07-19w2018-07-19yAR